Materials for devices /

"From everyday applications to the rise of automation, devices have become ubiquitous. Materials are employed in devices because of their particular properties, including electrical, thermal, magnetic, mechanical, ferroelectric, and piezoelectric. This book highlights current materials developm...

Full description

Bibliographic Details
Corporate Author: Taylor & Francis
Other Authors: Zhang, Sam (Editor)
Format: eBook
Language:English
Published: Boca Raton : CRC Press, Taylor & Francis Group, CRC Press is an imprint of Taylor & Francis Group, an informa business, 2023.
Edition:First edition.
Subjects:
Online Access:Connect to the full text of this electronic book

MARC

Tag First Indicator Second Indicator Subfields
LEADER 00000cam a2200000 i 4500
001 in00005526607
006 m o d
007 cr |||||||||||
008 220620s2023 flu ob 001 0 eng
005 20241108170135.8
010 |a  2022012596 
035 |a (OCoLC)on1337154738 
040 |a DLC  |b eng  |e rda  |c DLC  |d OCLCF  |d TYFRS  |d OCLCO 
020 |a 9781003141358  |q (ebook) 
020 |a 1003141358 
020 |z 9780367679309  |q (hardback) 
020 |z 9780367693237  |q (paperback) 
035 |a (OCoLC)1337154738 
037 |a 9781003141358  |b Taylor & Francis 
042 |a pcc 
050 0 0 |a TA403 
082 0 0 |a 620.1/1  |2 23/eng/20220725 
049 |a TXAM 
245 0 0 |a Materials for devices /  |c edited by Sam Zhang. 
250 |a First edition. 
264 1 |a Boca Raton :  |b CRC Press, Taylor & Francis Group, CRC Press is an imprint of Taylor & Francis Group, an informa business,  |c 2023. 
300 |a 1 online resource 
336 |a text  |b txt  |2 rdacontent 
337 |a computer  |b c  |2 rdamedia 
338 |a online resource  |b cr  |2 rdacarrier 
504 |a Includes bibliographical references and index. 
505 0 |a Two-dimensional materials in photoconductive detectors -- UV stability of organic solar cells -- Materials for chemical gas sensors -- Recent advances in gas sensors for device applications -- The sputtered thin films as the sensing materials for the MEMS gas sensors -- Electron retarding materials making more efficient light-emitting devices -- Thermoelectric thin films : materials, devices and applications -- Smart piezoelectric films for sensors and actuators applications -- Nanomaterials for lithium(-ion) batteries -- Applications of thin films in metallic implants -- Flexible sensors for biomedical applications based on elastic polymers. 
520 |a "From everyday applications to the rise of automation, devices have become ubiquitous. Materials are employed in devices because of their particular properties, including electrical, thermal, magnetic, mechanical, ferroelectric, and piezoelectric. This book highlights current materials development in gas sensors, optical devices, mechanoelectrical devices, and medical and biological devices. This work is aimed at researchers, technologists, and advanced students who are interested in developing sensors or devices"--  |c Provided by publisher. 
588 |a Description based on print version record and CIP data provided by publisher. 
650 0 |a Materials. 
650 6 |a Matériaux. 
650 7 |a Materials  |2 fast 
655 7 |a Electronic books.  |2 local 
700 1 |a Zhang, Sam,  |e editor. 
710 2 |a Taylor & Francis. 
776 0 8 |i Print version:  |t Materials for devices  |b First edition.  |d Boca Raton : CRC Press, Taylor & Francis Group, CRC Press is an imprint of Taylor & Francis Group, an informa business, 2023  |z 9780367679309  |w (DLC) 2022012595 
856 4 0 |u http://proxy.library.tamu.edu/login?url=https://www.taylorfrancis.com/books/9781003141358  |z Connect to the full text of this electronic book  |t 0 
955 |a Taylor and Francis ENGnetBASE 
994 |a 92  |b TXA 
999 f f |s ce522036-e3a7-40a5-b259-0cf08ea5d12d  |i 00abd06c-c27d-4b7c-9d6d-20f98d6580bc  |t 0 
952 f f |a Texas A&M University  |b College Station  |c Electronic Resources  |d Available Online  |t 0  |e TA403   |h Library of Congress classification 
998 f f |a TA403   |t 0  |l Available Online